|
|
|
|
| LEADER |
00000nab a2200000 a 4500 |
| 001 |
vtls000109028 |
| 003 |
SK-MaSNL |
| 005 |
20260303024324.0 |
| 008 |
111031c1981 xo 0 slo |
| 015 |
|
|
|a SNBRA19rr/mm-uuuuu
|
| 035 |
|
|
|a CL0119131
|
| 040 |
|
|
|a SNKBUCL
|b slo
|c SNKBUCL
|e AACR2
|
| 041 |
0 |
|
|a slo
|
| 044 |
|
|
|a xo
|c SK
|
| 080 |
|
|
|a 631.4
|2 1981
|
| 080 |
|
|
|a 631.8
|2 1981
|
| 100 |
1 |
|
|a Čekovská, O.
|4 aut
|9 1007829
|
| 245 |
1 |
0 |
|a Tvorba nitridov v poľnohospodárskych pôdach
|c O. Čekovská
|
| 300 |
|
|
|b Obr. 4. Res. rus., angl.
|
| 650 |
0 |
7 |
|a poľnohospodárska pôda
|2 snkbucl
|9 31794
|
| 650 |
0 |
7 |
|a nitridy
|2 snkbucl
|9 481848
|
| 655 |
|
7 |
|a články zo zborníkov
|2 snkbucl
|9 166140
|
| 773 |
0 |
|
|t Acta Facultatis rerum naturalium Universitatis Comenianae. Formatio et protectio naturae VII
|d Bratislava : SPN, 1981
|g S. 121-128
|
| 850 |
|
|
|a Slovenská národná knižnica v Martine
|a MTA001
|
| 852 |
|
|
|a SNK
|b KIS3GCP
|
| 958 |
|
|
|a RK
|
| 992 |
|
|
|a RZB
|
| 999 |
|
|
|c 1639813
|d 1641743
|